Statistics for environmental science and management / (Record no. 3773)

MARC details
000 -LEADER
fixed length control field 00663cam a2200181 4500
001 - CONTROL NUMBER
control field 4552
010 ## - LIBRARY OF CONGRESS CONTROL NUMBER
LC control number 2008038184
020 ## - INTERNATIONAL STANDARD BOOK NUMBER
International Standard Book Number 9781420061475 (hardcover : alk. paper)
100 1# - MAIN ENTRY--PERSONAL NAME
Personal name Manly, Bryan F. J.,
Dates associated with a name 1944-
245 10 - TITLE STATEMENT
Title Statistics for environmental science and management /
Statement of responsibility, etc. Bryan F.J. Manly.
250 ## - EDITION STATEMENT
Edition statement 2nd ed.
260 ## - PUBLICATION, DISTRIBUTION, ETC.
Place of publication, distribution, etc. Boca Raton :
Name of publisher, distributor, etc. Chapman & Hall/CRC,
Date of publication, distribution, etc. c2009.
300 ## - PHYSICAL DESCRIPTION
Extent xiv, 295 p. :
Other physical details ill. ;
Dimensions 25 cm.
490 0# - SERIES STATEMENT
Series statement Applied environmental statistics
504 ## - BIBLIOGRAPHY, ETC. NOTE
Bibliography, etc. note Includes bibliographical references (p. 279-290) and index.
650 #0 - SUBJECT ADDED ENTRY--TOPICAL TERM
Topical term or geographic name entry element Environmental management
General subdivision Statistical methods.
Topical term or geographic name entry element Environmental sciences
General subdivision Statistical methods.
Holdings
Withdrawn status Lost status Source of classification or shelving scheme Damaged status Not for loan Collection code Home library Current library Shelving location Date acquired Serial Enumeration / chronology Inventory number Total Checkouts Full call number Barcode Date last seen Price effective from Koha item type
    Dewey Decimal Classification     Main TEST RTC Library RTC Library Main opac 27/11/2018 7263   363.700727 MAN 30007408 27/11/2018 27/11/2018 Main
Royal Thimphu College || All Right Reserved